| 000 | 00381nam a2200133 4500 | ||
|---|---|---|---|
| 082 | 0 | 0 |
_a530 _bPAL |
| 100 | 1 |
_aDr. Abdul Basir PAL _939726 |
|
| 245 | 1 | 0 | _aElementary physics: |
| 260 |
_aLahore, _bEducational Publishers and Booksellers _c[1967] |
||
| 300 |
_a826p. _billus. (part col.) _c16 cm. |
||
| 526 |
_a0 _b0 _c0 _d530_000000000000000_PAL |
||
| 650 | 0 |
_aMCE _9379 |
|
| 942 |
_2ddc _cBK |
||
| 999 |
_c544171 _d544171 |
||